[Event "CP-2018-Q-00001"]
[Site "LSS email"]
[Date "2018.11.28"]
[Round "?"]
[White "Vorobjev, Albert"]
[Black "Panov, Serg"]
[Result "1/2-1/2"]
[WhiteElo "2102"]
[BlackElo "2308"]
[PlyCount "56"]
[EventDate "2018.12.01"]
[EventType "tourn (corr)"]
[EventRounds "6"]
[EventCountry "GER"]
[SourceTitle "Corr 2022"]
[Source "ChessBase"]
[SourceDate "2021.10.24"]
[SourceVersion "1"]
[SourceVersionDate "2021.10.24"]
[SourceQuality "1"]

1. d4 Nf6 2. c4 g6 3. Nc3 Bg7 4. e4 d6 5. Be2 0-0 6. Bg5 Na6 7. f4 c6 8. Qd2 d5 9. Bxf6 exf6 10. exd5 cxd5 11. Nxd5 b5 12. Ne3 bxc4 13. Bf3 Rb8 14. Ne2 Nb4 15. Nxc4 Re8 16. 0-0 Ba6 17. b3 Nd5 18. Rfc1 f5 19. Kh1 Rc8 20. Ne5 Rxc1+ 21. Qxc1 Nf6 22. Qc5 Bxe2 23. Bxe2 Ne4 24. Qxa7 Re7 25. Nc6 Rxa7 26. Nxd8 Rc7 27. Bc4 Bxd4 28. Rb1 Nf2+ 1/2-1/2

[Event "CP-2018-Q-00001"]
[Site "LSS email"]
[Date "2018.11.28"]
[Round "?"]
[White "Vorobjev, Albert"]
[Black "Pascual Perez, Norge"]
[Result "1/2-1/2"]
[WhiteElo "2102"]
[BlackElo "2455"]
[PlyCount "61"]
[EventDate "2018.12.01"]
[EventType "tourn (corr)"]
[EventRounds "6"]
[EventCountry "GER"]
[SourceTitle "Corr 2022"]
[Source "ChessBase"]
[SourceDate "2021.10.24"]
[SourceVersion "1"]
[SourceVersionDate "2021.10.24"]
[SourceQuality "1"]

1. d4 Nf6 2. c4 e6 3. Nf3 d5 4. g3 dxc4 5. Bg2 a6 6. Ne5 Bb4+ 7. Nc3 Nd5 8. Bd2 Nb6 9. e3 N8d7 10. Nxd7 Qxd7 11. Ne4 a5 12. 0-0 0-0 13. Qc2 Rd8 14. Rfd1 Qe7 15. Bxb4 axb4 16. Nd2 e5 17. Nxc4 Nxc4 18. Qxc4 exd4 19. exd4 c6 20. d5 c5 21. Rdc1 Ra5 22. a3 bxa3 23. Rxa3 Rxa3 24. bxa3 b6 25. a4 Bf5 26. h4 Rc8 27. Qb5 Qc7 28. Qc6 Qd8 29. Qb5 Ra8 30. d6 Bd7 31. Qe2 1/2-1/2

[Event "CP-2018-P-00039"]
[Site "LSS email"]
[Date "2018.09.27"]
[Round "?"]
[White "Verich, Oleg"]
[Black "Vorobjev, Albert"]
[Result "0-1"]
[WhiteElo "1124"]
[BlackElo "2076"]
[PlyCount "42"]
[EventDate "2018.10.01"]
[EventType "tourn (corr)"]
[EventRounds "6"]
[EventCountry "GER"]
[SourceTitle "Corr 2022"]
[Source "ChessBase"]
[SourceDate "2021.10.24"]
[SourceVersion "1"]
[SourceVersionDate "2021.10.24"]
[SourceQuality "1"]

1. d4 d6 2. c4 e5 3. dxe5 dxe5 4. Qxd8+ Kxd8 5. Nf3 f6 6. e4 Bc5 7. Be2 Be6 8. b3 a5 9. Bd2 Ne7 10. a4 Nec6 11. Bc3 Na6 12. Nbd2 b6 13. Rd1 Ke7 14. 0-0 Bb4 15. Bb2 Rad8 16. Nb1 Nc5 17. Nfd2 Nd4 18. Bf3 Nxf3+ 19. gxf3 Rd3 20. Rfe1 Rhd8 21. Bc1 Nxb3 0-1

[Event "CP-2018-P-00039"]
[Site "LSS email"]
[Date "2018.09.27"]
[Round "?"]
[White "Vorobjev, Albert"]
[Black "Muniz Pardino, Alberto"]
[Result "1/2-1/2"]
[WhiteElo "2076"]
[BlackElo "2260"]
[PlyCount "42"]
[EventDate "2018.10.01"]
[EventType "tourn (corr)"]
[EventRounds "6"]
[EventCountry "GER"]
[SourceTitle "Corr 2022"]
[Source "ChessBase"]
[SourceDate "2021.10.24"]
[SourceVersion "1"]
[SourceVersionDate "2021.10.24"]
[SourceQuality "1"]

1. d4 d5 2. c4 e6 3. Nf3 Nf6 4. g3 Bb4+ 5. Bd2 Be7 6. Bg2 0-0 7. 0-0 c6 8. Qc2 Nbd7 9. Bf4 b6 10. Rd1 Bb7 11. Nc3 dxc4 12. Nd2 Nd5 13. Nxc4 Nxf4 14. gxf4 Rc8 15. e3 Qc7 16. Rac1 Rfd8 17. a3 a5 18. Qb1 Ba6 19. Bf1 Bf8 20. b4 axb4 21. axb4 Nf6 1/2-1/2

[Event "SB-2018-0-00537"]
[Site "LSS email"]
[Date "2018.06.30"]
[Round "?"]
[White "Pilgram, Kurt"]
[Black "Vorobjev, Albert"]
[Result "1/2-1/2"]
[WhiteElo "2124"]
[BlackElo "2040"]
[PlyCount "46"]
[EventDate "2018.05.28"]
[EventType "tourn (corr)"]
[EventRounds "6"]
[EventCountry "GER"]
[SourceTitle "Corr 2022"]
[Source "ChessBase"]
[SourceDate "2021.10.24"]
[SourceVersion "1"]
[SourceVersionDate "2021.10.24"]
[SourceQuality "1"]

1. e4 d6 2. d4 Nf6 3. Nc3 e5 4. dxe5 dxe5 5. Qxd8+ Kxd8 6. Nf3 Bd6 7. Be3 Ke7 8. Bc4 h6 9. a3 Be6 10. Bxe6 Kxe6 11. h3 Nbd7 12. Nd2 c6 13. Nc4 Bc7 14. a4 Rhd8 15. Ke2 Ne8 16. Rhd1 Nb6 17. Nd2 Nd6 18. a5 Nbc4 19. Na4 Nxe3 20. Nc5+ Ke7 21. Kxe3 f6 22. f3 Rac8 23. Nd3 Bb8 1/2-1/2

[Event "SB-2018-0-00537"]
[Site "LSS email"]
[Date "2018.06.30"]
[Round "?"]
[White "Vorobjev, Albert"]
[Black "Koehler, Josef"]
[Result "1-0"]
[WhiteElo "2040"]
[BlackElo "2117"]
[PlyCount "107"]
[EventDate "2018.05.28"]
[EventType "tourn (corr)"]
[EventRounds "6"]
[EventCountry "GER"]
[SourceTitle "Corr 2022"]
[Source "ChessBase"]
[SourceDate "2021.10.24"]
[SourceVersion "1"]
[SourceVersionDate "2021.10.24"]
[SourceQuality "1"]

1. d4 Nf6 2. c4 e6 3. Nf3 d5 4. g3 dxc4 5. Bg2 a6 6. Ne5 c5 7. Na3 cxd4 8. Naxc4 Ra7 9. Bd2 b6 10. 0-0 Bb7 11. Bxb7 Rxb7 12. Rc1 Bc5 13. b4 Be7 14. Be3 0-0 15. Bxd4 Nfd7 16. a3 Nxe5 17. Bxe5 Nc6 18. Qa4 Nxe5 19. Nxe5 Qa8 20. Qc6 b5 21. Rfd1 h6 22. h4 Ra7 23. Rd3 Rb8 24. Qxa8 Rbxa8 25. Nc6 Rc7 26. Nxe7+ Rxe7 27. Rc6 Rb7 28. Rdd6 a5 29. Rb6 Rc7 30. Rd3 g6 31. Rxb5 Rca7 32. Kg2 Kg7 33. f4 axb4 34. axb4 Ra2 35. Kf3 Rb2 36. Rb7 g5 37. Rdd7 Rf8 38. b5 Rb3+ 39. e3 Kg6 40. b6 Rb4 41. Re7 Rb1 42. Ke4 g4 43. Red7 f5+ 44. Ke5 Rb3 45. Kd4 Rc8 46. Rbc7 Ra8 47. Rd6 Kf6 48. Kc4 Rxe3 49. Rh7 Rc8+ 50. Kb4 Kg6 51. Rdd7 Rg8 52. b7 Re1 53. h5+ Kxh5 54. Rdg7 1-0

[Event "RB-2018-0-00358"]
[Site "LSS email"]
[Date "2018.05.13"]
[Round "?"]
[White "Vorobjev, Albert"]
[Black "Ederer, Karel"]
[Result "1/2-1/2"]
[WhiteElo "2038"]
[BlackElo "1901"]
[PlyCount "33"]
[EventDate "2018.01.02"]
[EventType "tourn (corr)"]
[EventRounds "6"]
[EventCountry "GER"]
[SourceTitle "Corr 2022"]
[Source "ChessBase"]
[SourceDate "2021.10.24"]
[SourceVersion "1"]
[SourceVersionDate "2021.10.24"]
[SourceQuality "1"]

1. d4 Nf6 2. c4 g6 3. Nc3 d5 4. Nf3 Bg7 5. Qb3 dxc4 6. Qxc4 0-0 7. e4 a6 8. e5 b5 9. Qb3 Nfd7 10. Be2 c5 11. e6 fxe6 12. Qxe6+ Kh8 13. dxc5 Ne5 14. Qd5 Qxd5 15. Nxd5 Nxf3+ 16. Bxf3 Bb7 17. Nc7 1/2-1/2

[Event "RB-2018-0-00358"]
[Site "LSS email"]
[Date "2018.05.13"]
[Round "?"]
[White "Vorobjev, Albert"]
[Black "Sirotkin, Evgenji"]
[Result "1/2-1/2"]
[WhiteElo "2038"]
[BlackElo "1859"]
[PlyCount "54"]
[EventDate "2018.01.02"]
[EventType "tourn (corr)"]
[EventRounds "6"]
[EventCountry "GER"]
[SourceTitle "Corr 2022"]
[Source "ChessBase"]
[SourceDate "2021.10.24"]
[SourceVersion "1"]
[SourceVersionDate "2021.10.24"]
[SourceQuality "1"]

1. d4 Nf6 2. c4 e6 3. Nf3 d5 4. Nc3 c6 5. Bg5 dxc4 6. e4 b5 7. e5 h6 8. Bh4 g5 9. Nxg5 hxg5 10. Bxg5 Nbd7 11. exf6 Bb7 12. g3 c5 13. d5 Qb6 14. Bg2 0-0-0 15. 0-0 b4 16. Na4 Qb5 17. a3 Nb8 18. axb4 cxb4 19. Be3 Bxd5 20. Bxd5 Rxd5 21. Qe2 Nc6 22. Rfc1 Ne5 23. Bf4 Bh6 24. b3 Bxf4 25. gxf4 Nd3 26. Rxc4+ Kb8 27. Qe3 Qb7 1/2-1/2